Herr der Ringe - König*innen von Númenor - Statistiken

Allgemein
  • Dieses Quiz wurde 8 mal gespielt
  • Das Durchschnittsergebnis liegt bei 8 aus 27
Antwortstatistiken
Hint Antwort % Korrekt
590 Z.Z. bis 740 Z.Z. Tar-Elendil
86%
32 Z.Z. bis442 Z.Z. Elros Tar-Minyatur
71%
3255 Z.Z. bis3319 Z.Z. Ar-Pharazôn
57%
883 Z.Z. bis 1075 Z.Z. Tar-Aldarion
57%
- (Wäre die vierte Königin geworden, der Thron wurde vom nächsten König usurpiert) Tar-Míriel
57%
3177 Z.Z. bis 3255 Z.Z. Tar-Palantir
57%
442 Z.Z. bis590 Z.Z. Tar-Amandil
43%
1075 Z.Z. bis 1280 Z.Z. Tar-Ancalimë
43%
2737 Z.Z. bis 2825 Z.Z. Tar-Calmacil / Ar-Belzagar
43%
2962 Z.Z. bis 3033 Z.Z. Ar-Zimrathôn
29%
1280 Z.Z. bis 1394 Z.Z. Tar-Anárion
29%
740 Z.Z. bis 883 Z.Z. Tar-Meneldur
29%
2899 Z.Z. bis 2962 Z.Z. Ar-Adûnakhôr
14%
3102 Z.Z. bis 3177 Z.Z. Ar-Gimilzôr
14%
3033 Z.Z. bis 3102 Z.Z. Ar-Sakalthôr
14%
2657 Z.Z. bis 2737 Z.Z. Tar-Alcarin
14%
2221 Z.Z. bis 2386 Z.Z. Tar-Ancalimon
14%
2637 Z.Z. bis 2657 Z.Z. (Unrechtmäßiger König, wurde nach seinem Tod aus der Liste entfernt) Tar-Anducal
14%
2825 Z.Z. bis2899 Z.Z. Tar-Ardamin / Ar-Abattârik
14%
2029 Z.Z. bis2221 Z.Z. Tar-Atanamir
14%
1869 Z.Z. bis 2029 Z.Z. Tar-Ciryatan
14%
1731 Z.Z. bis 1869 Z.Z. Tar-Minastir
14%
1394 Z.Z. bis1556 Z.Z. Tar-Súrion
14%
2386 Z.Z. bis2526 Z.Z. Tar-Telemmaitë
14%
1556 Z.Z. bis 1731 Z.Z. Tar-Telperiën
14%
2526 Z.Z. bis 2637 Z.Z. Tar-Vanimeldë
14%
442 Z.Z. (Der Hoheitstitel war hauptsächlich zeremoniell) Vardamir
14%
Keine übereinstimmenden Quizze gefunden
Verteilung der Resultate
Anzahl Personen mit jedem Resultat
Perzentil nach korrekt beantworteten Fragen
Ihre Resultats-Entwicklung
Sie haben dieses Quiz noch nicht gespielt